000 00315nam a2200133Ia 4500
005 20260328104304.0
008 260328s9999||||xx |||||||||||||| ||und||
100 _aLucas, Dorian
245 0 _aGreen Design V2 /
_cDorian Lucas
260 _bBraun
300 _a232 p.
650 _aDISEÑO INDUSTRIAL
942 _cBK
999 _c10709
_d10709